Ville des Etat-Unis ou pas ? - Statistiques

Statistiques générales
  • Ce quiz a été pris 190 fois
  • Le résultat moyen est 18 sur 25
Statistiques - réponses
Question Tuile Select % Correct
. Limerick Non
96%
. Perth Non
93%
. San Diego Oui
93%
. Saskatoon Non
93%
. Adélaïde Non
92%
. Belfast Non
92%
. Vancouver Non
92%
. Pittsburgh Oui
91%
. Springfield Oui
89%
. Charlotte Oui
86%
. San Antonio Oui
85%
. Winnipeg Non
83%
. Victoria Non
81%
. Oxford Non
80%
. Santa Fe Oui
74%
. Monterrey Non
73%
. Albuquerque Oui
72%
. San José Oui
67%
. Tampa Oui
66%
. El Paso Oui
60%
. Anchorage Oui
58%
. Dawson City Non
51%
. Eugene Oui
44%
. Eau Claire Oui
15%
. Yakima Oui
6%
Aucun quiz correspondant
Distribution des résultats
% des personnes avec chaque résultat
Percentile par nombre de réponses
Votre historique - résultats
Vous n’avez pas pris ce quiz